|
|
|
|
| LEADER |
00988nam a2200241 a 4500 |
| 001 |
777989 |
| 008 |
100622s1971 ii ab bs 000 0 eng d |
| 010 |
|
|
|a 72903235
|
| 040 |
|
|
|a DLC
|c DLC
|d DLC
|
| 082 |
0 |
0 |
|a 613.21912
|2 16
|
| 100 |
1 |
|
|a Gopalan, C.
|
| 245 |
1 |
0 |
|a Nutrition atlas of India /
|c C. Gopalan and K. Vijaya Raghavan.
|
| 260 |
|
|
|a Hyderabad, India,
|b National Institute of Nutrition,
|c 1971.
|
| 300 |
|
|
|a v, 188 p.
|b illus. (part col.), maps.
|c 30 cm.
|
| 504 |
|
|
|a Includes Bibliography (p. 186-188.)
|
| 541 |
1 |
|
|e 00000599
|
| 650 |
|
0 |
|a Nutrition
|x Statistics.
|
| 650 |
|
0 |
|a Nutrition disorders
|z India
|x Statistics.
|
| 650 |
|
0 |
|a Diet
|z India
|x Statistics.
|
| 700 |
2 |
|
|a Vijaya Raghavan, K.,
|e joint author.
|
| 852 |
4 |
|
|a Ayesha Abed Library
|j General shelf
|
| 999 |
|
|
|c 9059
|d 9059
|
| 952 |
|
|
|0 0
|1 0
|2 ddc
|4 0
|6 613_219120000000000_GOP_2971
|7 0
|9 11213
|a BRACUL
|b BRACUL
|c GEN
|d 2010-06-23
|g 0.00
|l 0
|o 613.21912 GOP
|p 3010000599
|r 2010-06-23
|t 1
|w 2010-06-23
|y BK
|z Not price in Register
|x Not price in Register
|